Mort subite : Lieux d'enquête des séries policières françaises - Statistiques

Statistiques générales
  • Ce quiz a été pris 141 fois
  • Le résultat moyen est 3 sur 28
Answers on the Grid
Answers color-coded by a green-red scale on the quiz's grid according to % correct below.
Mercato / Marseille
Le Négociateur / Lille
Master Crimes / Rennes
Panda / Avignon
HPI / Lille
Balthazar / Nantes
Léo Matteï / Marseille
Section de recherche 1ère époque / Bordeaux
Prof. T. / Nantes
La Loi selon Bartoli / Aix-en-Provence
Julie Lescaut 1ère époque / Les Clairières
Interpol / Lyon
Femmes de loi / Paris
Commissaire Cordier / Cergy
Une femme d'honneur 1ère époque / Auxerre
Fabio Montale / Marseille
Imogène / Quimper
Cassandre / Annecy
Mongeville 2e époque / Bordeaux
Les Invisibles / Arras
Section de recherche 2e époque / Marseille
Alex Hugo / Orcières
Chérif / Lyon
Les Brigades du Tigre / Versailles
Commissaire Laviolette / Gap
Candice Renoir / Le Grau du Roi
Une femme d'honneur 2e époque / Carpentras
Tunnel / Calais
Caïn / Marseille
Meurtres au Paradis / Honoré
Mongeville 1ère époque / Lyon
Les Petits Meurtres d'Agatha Christie/ Lille
La Stagiaire / Toulon
Les Bleus : Premiers pas dans la police / Paris
Les Témoins / Dieppe
Duel au soleil / Bastia
Double Je / Toulouse
Commissaire Magellan / Saignac
P'tit Quinquin / Boulogne-sur-Mer
Enquêtes réservées / Marseille
Deux flics sur les docks / Le Havre
Alexandra Ehle / Bordeaux
Une femme d'honneur 3e époque / Hyères
 
Statistiques - réponses
Réponse % Correct
HPI / Lille
61%
Mercato / Marseille
44%
Léo Matteï / Marseille
40%
Section de recherche 1ère époque / Bordeaux
29%
Julie Lescaut 1ère époque / Les Clairières
17%
Interpol / Lyon
16%
Alexandra Ehle / Bordeaux
14%
Cassandre / Annecy
14%
Le Négociateur / Lille
13%
Chérif / Lyon
11%
Les Petits Meurtres d'Agatha Christie/ Lille
11%
Deux flics sur les docks / Le Havre
10%
Meurtres au Paradis / Honoré
9%
Commissaire Magellan / Saignac
8%
Alex Hugo / Orcières
7%
Caïn / Marseille
7%
Fabio Montale / Marseille
7%
Une femme d'honneur 1ère époque / Auxerre
7%
P'tit Quinquin / Boulogne-sur-Mer
5%
Les Bleus : Premiers pas dans la police / Paris
3%
La Loi selon Bartoli / Aix-en-Provence
2%
Les Témoins / Dieppe
2%
Une femme d'honneur 2e époque / Carpentras
2%
Enquêtes réservées / Marseille
1%
Les Brigades du Tigre / Versailles
1%
Prof. T. / Nantes
1%
Tunnel / Calais
1%
Duel au soleil / Bastia
0%
Aucun quiz correspondant
Distribution des résultats
% des personnes avec chaque résultat
Percentile par nombre de réponses
Votre historique - résultats
Vous n’avez pas pris ce quiz